| 000 | 00560nam a22002057a 4500 | ||
|---|---|---|---|
| 999 |
_c7875 _d7875 |
||
| 003 | OSt | ||
| 005 | 20220406113216.0 | ||
| 008 | 220406b ||||| |||| 00| 0 eng d | ||
| 020 | _a9780749463946 | ||
| 040 | _cDDC | ||
| 082 | _a658.3 MIC 2011 | ||
| 100 |
_aMICHEAL ARMSTRONG _916007 |
||
| 245 | _aARMSTRONG'S HAND BOOK OF STRATEGIC HUMAN RESOURCE MANAGEMENT | ||
| 250 | _a5TH ED | ||
| 260 |
_aBRITAIN _bMICHEAL ARMSTRONG _c2011 |
||
| 300 |
_aX,313P. _bILL; _c32.2CM |
||
| 504 | _aINCLUDES INDEX | ||
| 650 |
_aPERSONAL MANAGEMENT _916008 |
||
| 942 |
_2ddc _cBOOK |
||